[Event "Vancouver op"]
[Site "Chess.com INT"]
[Date "2020.07.25"]
[Round "?"]
[White "Bernadskiy, Vitaliy"]
[Black "Chang, Eddie Cheng Ho"]
[Result "1-0"]
[WhiteElo "2702"]
[BlackElo "1887"]
[PlyCount "47"]
[EventDate "2020.07.25"]
[EventType "swiss"]
[EventRounds "5"]
[EventCountry "USA"]
[SourceTitle "EXT 2023"]
[Source "ChessBase"]
[SourceDate "2022.10.05"]
[SourceVersion "1"]
[SourceVersionDate "2022.10.05"]
[SourceQuality "1"]

1. e4 c5 2. Nc3 Nc6 3. Bb5 Nd4 4. Nf3 e6 5. 0-0 a6 6. Bd3 Ne7 7. Nxd4 cxd4 8. Ne2 Nc6 9. f4 Nb4 10. Kh1 Nxd3 11. cxd3 Bc5 12. b4 Bxb4 13. Nxd4 0-0 14. Bb2 b5 15. f5 f6 16. Rc1 Bb7 17. fxe6 dxe6 18. Qb3 Qe7 19. Nxe6 Rf7 20. Rc7 Qd6 21. Rxf7 Kxf7 22. Ng5+ Kg6 23. Qf7+ Kxg5 24. Rf5+ 1-0

[Event "Washington State Invitational"]
[Site "Redmond"]
[Date "2009.02.08"]
[Round "4"]
[White "Kalina, Chris"]
[Black "Chang, Eddie Cheng Ho"]
[Result "1/2-1/2"]
[WhiteElo "1945"]
[BlackElo "1832"]
[PlyCount "25"]
[EventDate "2009.02.07"]
[EventType "tourn"]
[EventRounds "9"]
[EventCountry "USA"]
[SourceTitle "EXT 2017"]
[Source "ChessBase"]
[SourceDate "2016.10.25"]
[SourceVersion "1"]
[SourceVersionDate "2016.10.25"]
[SourceQuality "1"]

1. d4 d5 2. Nf3 Nf6 3. Bf4 c5 4. c3 Nc6 5. h3 Qb6 6. Qb3 cxd4 7. Qxb6 axb6 8. cxd4 Bf5 9. e3 Bxb1 10. Rxb1 Rxa2 11. Bb5 e6 12. 0-0 Be7 13. Ne5 1/2-1/2